Statistics for Bodies of Water Chain

Click here to take the quiz!

General Stats

  • This quiz has been taken 217 times
  • The average score is 15 of 20

Answer Stats

HintAnswer% Correct
Sea between the UK and NorwayNorth
96%
European river, flows through ViennaDanube
94%
Namesake of large rainforestAmazon
92%
Waterfall on US-Canada borderNiagara
92%
Ocean containing the North PoleArctic
91%
Strait separating Russia from North AmericaBering
90%
Cleveland is on this lakeErie
90%
Sea east of ItalyAdriatic
89%
River separating Manhattan and New JerseyHudson
86%
River flowing through the Grand Canyon and Lake MeadColorado
83%
Shares name with Central American countryNicaragua
82%
_____ Australian BrightGreat
76%
Sea which the Yangtze flows intoEast China
75%
Largest freshwater lakeSuperior
73%
Short-named, Russian riverOb
70%
Lake between DRC and Uganda, named for British kingEdward
61%
River famously crossed by George WashingtonDelaware
57%
River Julius Caeser crossedRubicon
56%
Gulf separating Vietnam from MalaysiaThailand
43%
River in Boston, has well known regattaCharles
34%

Score Distribution

Percentile by Number Answered

Percent of People with Each Score

Your Score History

You have not taken this quiz